Comprehensive heterocyclic chemistry IV, Volume 14 : (Record no. 172351)

MARC details
000 -LEADER
fixed length control field 01173nam a22003137a 4500
003 - CONTROL NUMBER IDENTIFIER
control field OSt
005 - DATE AND TIME OF LATEST TRANSACTION
control field 20250908101659.0
008 - FIXED-LENGTH DATA ELEMENTS--GENERAL INFORMATION
fixed length control field 250908b |||||||| |||| 00| 0 eng d
020 ## - INTERNATIONAL STANDARD BOOK NUMBER
International Standard Book Number 9780128186558 (Hardcover)
020 ## - INTERNATIONAL STANDARD BOOK NUMBER
International Standard Book Number 9780323912792 (Volume 14)
024 ## - OTHER STANDARD IDENTIFIER
Terms of availability USD 860.00
040 ## - CATALOGING SOURCE
Original cataloging agency NUST
Language of cataloging eng
Transcribing agency NUST
Modifying agency NUST
Description conventions rda
050 ## - LIBRARY OF CONGRESS CALL NUMBER
Classification number QD400 COM
245 ## - TITLE STATEMENT
Title Comprehensive heterocyclic chemistry IV, Volume 14 :
Remainder of title a review of the literature 2008 - 2021 /
Statement of responsibility, etc. edited by David StC Black, Janine Cossy, Christian V. Stevens and Ari M. P. Koskinen.
260 ## - PUBLICATION, DISTRIBUTION, ETC.
Place of publication, distribution, etc. Amsterdam :
Name of publisher, distributor, etc. Elsevier,
Date of publication, distribution, etc. ©2022.
300 ## - PHYSICAL DESCRIPTION
Extent xii, 1092 pages :
Other physical details Illustrations ;
Dimensions 29 cm.
336 ## - CONTENT TYPE
Source rdacontent
Content type term text
Content type code txt
337 ## - MEDIA TYPE
Source rdamedia
Media type term unmediated
Media type code n
338 ## - CARRIER TYPE
Source rdacarrier
Carrier type term volume
Carrier type code nc
504 ## - BIBLIOGRAPHY, ETC. NOTE
Bibliography, etc. note Includes bibliographical references and index.
650 ## - SUBJECT ADDED ENTRY--TOPICAL TERM
Topical term or geographic name entry element Heterocyclic compounds.
650 ## - SUBJECT ADDED ENTRY--TOPICAL TERM
Topical term or geographic name entry element Review literature.
650 ## - SUBJECT ADDED ENTRY--TOPICAL TERM
Topical term or geographic name entry element Specific ring systems.
700 ## - ADDED ENTRY--PERSONAL NAME
Personal name Black, David StC
Relator term Editor
700 ## - ADDED ENTRY--PERSONAL NAME
Personal name Cossy, Janine
Relator term Editor
700 ## - ADDED ENTRY--PERSONAL NAME
Personal name Stevens, Christian V.
Relator term Editor
700 ## - ADDED ENTRY--PERSONAL NAME
Personal name Koskinen, Ari M. P.
Relator term Editor
942 ## - ADDED ENTRY ELEMENTS (KOHA)
Source of classification or shelving scheme Library of Congress Classification
Koha item type Ordinary Loan Books
Classification part QD400 COM
Call number prefix QD
Call number suffix COM
Suppress in OPAC No
Holdings
Withdrawn status Lost status Source of classification or shelving scheme Damaged status Not for loan Collection Home library Current library Shelving location Date acquired Source of acquisition Cost, normal purchase price Total Checkouts Full call number Barcode Date last seen Accession number Cost, replacement price Price effective from Koha item type Public note
    LCC     NFIC MAIN MAIN GEN 09/08/2025 Book Aid International 860.00   QD400 COM 92004051757 09/08/2025 63250 860.00 09/08/2025 BOOKS Donation